[Event "Moscow Open Women 2012"]
[Site "Moscow RUS"]
[Date "2012.02.02"]
[Round "6"]
[White "Romanko,M"]
[Black "Paikidze,N"]
[Result "1-0"]
[WhiteElo "2389"]
[BlackElo "2411"]

1.d4 d5 2.c4 c6 3.Nc3 Nf6 4.e3 e6 5.Nf3 Nbd7 6.Bd3 dxc4 7.Bxc4 b5 8.Bd3 a6
9.e4 c5 10.e5 cxd4 11.Nxb5 axb5 12.exf6 gxf6 13.O-O Qb6 14.Qe2 Bd6 15.Bxb5 Bb7
16.a4 Rg8 17.g3 Ke7 18.Rd1 Rg4 19.Bf4 Bxf4 20.Rxd4 Ne5 21.Nxe5 Qxd4 22.Nxg4 Qd5
23.f3 Bd6 24.Kg2 Rg8 25.Rd1 Qc5 26.Ne3 Rg5 27.Nc4 Rf5 28.Rxd6 Bxf3+ 29.Qxf3 Rxf3
30.Rd7+ Kf8 31.Kxf3 Qh5+ 32.Ke4 Qxh2 33.Kd4 Qg1+ 34.Kc3 Qxg3+ 35.Kb4 Qe1+
36.Kb3 Qg3+ 37.Ka2 Qg5 38.Rb7 Qd5 39.Rb8+ Kg7 40.a5 h5 41.a6 Qc5 42.Rb6 h4
43.a7 Qd5 44.Rb8  1-0

[Event "Moscow Open D 2012"]
[Site "Moscow RUS"]
[Date "2012.02.02"]
[Round "6"]
[White "Reshetnikov,Al"]
[Black "Grigoryan,Av"]
[Result "1/2-1/2"]
[WhiteElo "2514"]
[BlackElo "2621"]

1.Nf3 Nf6 2.c4 e6 3.Nc3 d5 4.d4 c6 5.e3 Nbd7 6.Qc2 Bd6 7.Bd3 O-O 8.O-O dxc4
9.Bxc4 b5 10.Bd3 Bb7 11.a3 Qe7 12.e4 e5 13.Ne2 c5 14.Ng3 Rfc8 15.Nf5 Qf8
16.Nxd6 Qxd6 17.dxe5 Nxe5 18.Nxe5 Qxe5 19.f3 c4 20.Be2 c3  1/2-1/2

[Event "Moscow Open 2012 A"]
[Site "Moscow RUS"]
[Date "2012.02.02"]
[Round "6.27"]
[White "Sharafiev,A"]
[Black "Deviatkin,A"]
[Result "0-1"]
[WhiteElo "2443"]
[BlackElo "2574"]

1.d4 d5 2.c4 c6 3.Nc3 Nf6 4.e3 e6 5.Nf3 Nbd7 6.Bd3 dxc4 7.Bxc4 b5 8.Bd3 Bd6
9.O-O O-O 10.Qc2 Bb7 11.h3 Rc8 12.e4 b4 13.e5 bxc3 14.exd6 c5 15.Qxc3 Bxf3
16.gxf3 Nd5 17.Qa3 cxd4 18.Qxa7 Ne5 19.Be4 Qh4 20.Bxd5 exd5 21.f4 Nf3+ 22.Kg2 Qh5
23.Qd7 Nh4+ 24.Kg1 Nf5 25.Kh2 Rcd8 26.Qa4 Nh4 27.Qd1 Nf3+ 28.Kg3 Rxd6 29.Qxf3 Rg6+
30.Qg4 f5 31.Qxg6 Qxg6+ 32.Kh2 Qh5 33.a4 Qe2 34.Rg1 Rc8 35.Ra3 Rc2 36.Rag3 Rxc1  0-1

[Event "85th ch-St Petersburg SF"]
[Site "St Petersburg RUS"]
[Date "2012.02.02"]
[Round "6.4"]
[White "Bazeev,G"]
[Black "Martynov,P2"]
[Result "0-1"]
[WhiteElo "2315"]
[BlackElo "2237"]

1.d4 d5 2.c4 c6 3.Nc3 Nf6 4.Nf3 e6 5.e3 a6 6.Bd3 dxc4 7.Bxc4 b5 8.Bd3 c5
9.O-O Bb7 10.dxc5 Bxc5 11.Qe2 Nbd7 12.e4 Qb8 13.Bg5 h6 14.Bxf6 Nxf6 15.e5 Nd7
16.Bc2 Bxf3 17.Qxf3 Nxe5 18.Qe4 f5 19.Qe2 O-O 20.Rad1 Kh8 21.h3 Ra7 22.Rfe1 Nc6
23.Bb3 Re7 24.Qf3 Ne5 25.Qf4 Nc4 26.Qxb8 Rxb8 27.Re2 Rb6 28.a4 Na5 29.Rd8+ Kh7
30.Bc2 b4 31.Nd1 g6 32.Bd3 Nb7 33.Rb8 Rd7 34.Rd2 e5 35.b3 e4 36.Nb2 exd3  0-1

[Event "ch-TUR 2012"]
[Site "Kemer TUR"]
[Date "2012.02.03"]
[Round "8"]
[White "Cosan,Gokmen"]
[Black "Cubukcu,Berkin"]
[Result "0-1"]
[WhiteElo "1928"]
[BlackElo "1635"]

1.d4 d5 2.c4 c6 3.e3 Nf6 4.Nc3 e6 5.Nf3 Bd6 6.Qc2 O-O 7.e4 dxe4 8.Nxe4 Bb4+
9.Bd2 Bxd2+ 10.Nexd2 Qa5 11.Bd3 Rd8 12.O-O Nbd7 13.Rfe1 Nf8 14.c5 Nd5 15.Nc4 Qc7
16.a3 b6 17.Nce5 f6 18.cxb6 Qxb6 19.Nxc6 Rd6 20.Nb4 Nxb4 21.axb4 Qxb4 22.Bc4 Bb7
23.Qc3 Qxc3 24.bxc3 Bxf3 25.gxf3 Rc8 26.Ra4 Rc7 27.Re3 Rdc6 28.Ba2 Rxc3 29.Bxe6+ Nxe6
30.Rxe6 Rxf3 31.Re3 Rf4 32.Kg2 Rd7 33.Rea3 Rfxd4 34.Rxa7 Rxa7 35.Rxa7 h5
36.Kg3 Kh7 37.f3 Kh6 38.Ra8 g5 39.Ra6 h4+ 40.Kh3 Kg6 41.Ra5 Rf4 42.Kg2 Rf5
43.Ra8 Rd5 44.f4 g4 45.Rh8 Rd2+ 46.Kg1 h3 47.Ra8 Rg2+ 48.Kh1 Rf2 49.Kg1 Rxf4
50.Ra5 f5 51.Ra8 Rd4 52.Ra3 Kg5  0-1

[Event "ch-TUR 2012"]
[Site "Kemer TUR"]
[Date "2012.02.03"]
[Round "8"]
[White "Zor,Alber Kadir"]
[Black "Tulay,B"]
[Result "0-1"]
[WhiteElo "1879"]
[BlackElo "2128"]

1.Nf3 d5 2.d4 Nf6 3.c4 e6 4.Nc3 c6 5.e3 Bd6 6.Bd3 Nbd7 7.O-O O-O 8.e4 dxc4
9.Bxc4 e5 10.Bg5 h6 11.Bh4 Qe7 12.Re1 Re8 13.Qd2 exd4 14.Qxd4 Ne5 15.Nxe5 Bxe5
16.Qd1 Be6 17.Bxe6 Qxe6 18.Bxf6 Qxf6 19.Rc1 Rad8 20.Qe2 Rd4 21.Rcd1 Rxd1
22.Nxd1 Rd8 23.b3 Qd6 24.g3 Qb4 25.Ne3 Rd2 26.Qg4 g6 27.Nc4 Rxa2 28.Rd1 Bd4
29.Rxd4 Qe1+  0-1

[Event "ch-TUR w 2012"]
[Site "Kemer TUR"]
[Date "2012.02.03"]
[Round "9"]
[White "Sahin,Handenur"]
[Black "Okuyaz,Duru"]
[Result "1-0"]
[WhiteElo "1729"]
[BlackElo "1413"]

1.d4 d5 2.c4 c6 3.Nc3 Nf6 4.e3 e6 5.Nf3 Nbd7 6.Qc2 Bd6 7.Bd3 dxc4 8.Bxc4 b5
9.Bd3 Bb7 10.O-O a6 11.Rd1 Qc7 12.e4 e5 13.Ne2 O-O 14.h3 c5 15.dxe5 Nxe5
16.Nxe5 Bxe5 17.f4 c4 18.fxe5 Qb6+ 19.Kh2 cxd3 20.Qxd3 Nxe4 21.Be3 Qg6 22.Rac1 Rac8
23.Rxc8 Rxc8 24.Qd8+ Rxd8 25.Rxd8+  1-0

[Event "Moscow Open 2012 A"]
[Site "Moscow RUS"]
[Date "2012.02.03"]
[Round "7.26"]
[White "Balashov,Y"]
[Black "Sjugirov,S"]
[Result "1/2-1/2"]
[WhiteElo "2442"]
[BlackElo "2622"]

1.c4 e6 2.Nc3 d5 3.d4 c6 4.e3 Nf6 5.Nf3 Nbd7 6.Be2 Bd6 7.O-O O-O 8.b3 b6
9.Bb2 Bb7 10.Qc2 Qe7 11.e4 dxe4 12.Nxe4 Nxe4 13.Qxe4 f5 14.Qe3 c5 15.Rad1 Rad8
16.Qg5 Nf6 17.Qh4 Bxf3 18.Bxf3 cxd4 19.Bxd4 e5 20.Bb2 e4 21.Be2 Be5 22.Bc1 Bd4
23.Qg5 Qc5 24.a3 h6 25.Qg3 Be5 26.b4 Qc7 27.Qh3 f4 28.Qe6+ Kh7 29.Rxd8 Rxd8
30.Rd1 Re8 31.Qf5+ g6 32.Qh3 Re7 33.Qb3 f3 34.gxf3 Bxh2+ 35.Kg2 Bf4 36.Bb2 Be5
37.Bc1 Bf4 38.Bb2 Be5 39.Bc1 Rf7 40.c5 Kg7 41.Qe3 g5 42.fxe4 Bf4 43.Qc3 bxc5
44.bxc5 Be5 45.Qc4 Qc6 46.Be3 Re7 47.f3 g4 48.fxg4 Bb8 49.Bf3 Qc7 50.Rd6 Qc8
51.Qd4 Bxd6 52.cxd6 Re6 53.e5 Nd7 54.Qf4 Qc2+ 55.Kg3 Qd3 56.Bd4 Qxa3 57.Qf5 Qb3
58.Bxa7 Qc4 59.Be3 Nxe5 60.g5 hxg5 61.Bxg5 Nxf3 62.Qxf3 Rxd6 63.Qg4 Qd3+
64.Kh4 Rg6 65.Qf4 Qc3 66.Qe4 Qc7 67.Qe7+ Qxe7 68.Bxe7  1/2-1/2

[Event "34th Tringov Memorial"]
[Site "Plovdiv BUL"]
[Date "2012.02.03"]
[Round "7.7"]
[White "Grigorov,G"]
[Black "Enchev,I"]
[Result "1/2-1/2"]
[WhiteElo "2491"]
[BlackElo "2430"]

1.Nf3 Nf6 2.c4 e6 3.d4 d5 4.Nc3 c6 5.e3 Nbd7 6.Qc2 Bd6 7.Bd3 O-O 8.O-O dxc4
9.Bxc4 b5 10.Be2 Bb7 11.Rd1 Qc7 12.e4 e5 13.g3 Rfe8 14.a3 a5  1/2-1/2

[Event "FSFMB February"]
[Site "Budapest HUN"]
[Date "2012.02.04"]
[Round "1.5"]
[White "Bohus,Adam"]
[Black "Csetneki,M"]
[Result "1-0"]
[WhiteElo "1693"]
[BlackElo "1775"]

1.d4 d5 2.Nf3 Nf6 3.c4 c6 4.e3 e6 5.Nc3 Nbd7 6.Qc2 dxc4 7.Bxc4 b5 8.Bd3 a6
9.O-O Bd6 10.Rd1 Qc7 11.Ne4 Nxe4 12.Bxe4 Bb7 13.h3 h6 14.Bd2 Nf6 15.Bd3 c5
16.dxc5 Bxf3 17.gxf3 Qxc5 18.Qxc5 Bxc5 19.Rac1 Bd6 20.Ba5 Nd5 21.Be4 Be5
22.Rc2 O-O 23.Bxd5 exd5 24.Rxd5 Bf6 25.b4 Bd8 26.Bxd8 Rfxd8 27.Rxd8+ Rxd8
28.Rc6 Ra8 29.Rb6 Ra7 30.Kf1 Kf8 31.Ke2 Ke7 32.Kd3 f6 33.Ke4 Kf7 34.Kd5 a5
35.Kc6 Kg6 36.a3 axb4 37.axb4 Ra2 38.Rxb5 Rxf2 39.h4 h5 40.Rc5 Rxf3 41.b5 Rxe3
42.b6 Re8 43.Kd7 Rf8 44.b7 Kh6 45.Rc8 Rf7+ 46.Kc6 Rxb7 47.Kxb7 g5 48.hxg5+ fxg5
49.Rc6+ Kg7 50.Kb6 h4 51.Kc5 h3 52.Kd4 h2 53.Rc1 Kf6 54.Ke4 Kg6 55.Kf3  1-0

[Event "Moscow Open Women 2012"]
[Site "Moscow RUS"]
[Date "2012.02.04"]
[Round "8"]
[White "Paikidze,N"]
[Black "Mirzoeva,E"]
[Result "1-0"]
[WhiteElo "2411"]
[BlackElo "2214"]

1.d4 d5 2.c4 c6 3.Nc3 Nf6 4.e3 e6 5.Nf3 Nbd7 6.Qc2 Bd6 7.Bd3 dxc4 8.Bxc4 b5
9.Be2 O-O 10.O-O Bb7 11.Rd1 b4 12.Na4 Qe7 13.e4 Bc7 14.Bg5 h6 15.Bh4 g5 16.Bg3 Bxg3
17.hxg3 a5 18.Nc5 Nxc5 19.dxc5 e5 20.a3 b3 21.Qxb3 Nxe4 22.Qe3 Nxc5 23.Rac1 Nd7
24.Nd4 Qf6 25.Nb5 cxb5 26.Rxd7 Bc6 27.Rc7 Be8 28.R7c5 Rb8 29.Rxe5 b4 30.axb4 axb4
31.Bd3 Rd8 32.Rcc5 Bd7 33.Rxg5+ hxg5 34.Rxg5+ Kh8 35.g4 Qh6 36.Rg8+ Kxg8
37.Qxh6 f5 38.Bc4+  1-0

[Event "ch-TUR 2012"]
[Site "Kemer TUR"]
[Date "2012.02.05"]
[Round "10"]
[White "Erdogan,H"]
[Black "Metin,O"]
[Result "1-0"]
[WhiteElo "2257"]
[BlackElo "2005"]

1.d4 d5 2.c4 c6 3.Nc3 Nf6 4.Nf3 e6 5.e3 Nbd7 6.Qc2 Bd6 7.g4 dxc4 8.g5 Nd5
9.Bxc4 N7b6 10.Bb3 a5 11.a3 a4 12.Ba2 Qc7 13.e4 Nxc3 14.Qxc3 Bf4 15.Ne5 Bxc1
16.Rxc1 Nd7 17.f4 Nxe5 18.fxe5 Qa5 19.Ke2 Qxc3 20.bxc3 O-O 21.c4 c5 22.d5 b6
23.Ke3 Bd7 24.Rb1 Rfb8 25.Rb2 g6 26.Bb1 Kg7 27.Bd3 Ra6 28.Rf1 Raa8 29.Rf6 Kg8
30.Be2 Re8 31.Rxb6 exd5 32.cxd5 Rxe5 33.Kf4 Rae8 34.Bd3 c4 35.Bc2 Bc8 36.Rb8 h6
37.h4 hxg5+ 38.hxg5 R5e7 39.Rc6 Bd7 40.Rxe8+  1-0

[Event "Moscow Open 2012 A"]
[Site "Moscow RUS"]
[Date "2012.02.05"]
[Round "9.35"]
[White "Girya,O"]
[Black "Lu Shanglei"]
[Result "1/2-1/2"]
[WhiteElo "2399"]
[BlackElo "2516"]

1.d4 d5 2.c4 e6 3.Nc3 c6 4.e3 Nf6 5.Nf3 Nbd7 6.Qc2 Bd6 7.b3 O-O 8.Be2 dxc4
9.bxc4 e5 10.O-O Re8 11.Rb1 exd4 12.exd4 Nf8 13.Rd1 Qc7 14.h3 Ng6 15.Bg5 Nh5
16.c5 Bf8 17.Bc4 Nhf4 18.Bxf4 Qxf4 19.Qc1 Qxc1 20.Rdxc1 h6 21.a4 Rb8 22.a5 Bf5
23.Rb2 Nf4 24.Ne5 Be6 25.Bxe6 Nxe6 26.Nf3 Rbd8 27.Rxb7 Nxd4 28.Rxa7 Bxc5
29.Ra6 Re6 30.Nxd4 Bxd4 31.Rc2 Rde8 32.Kh2 Rf6 33.Nd1 Re1 34.Ne3 Ra1 35.Raxc6 Rxc6
36.Rxc6 Rxa5 37.Rc4 Bxe3 38.fxe3 Kh7 39.Kg3 Rg5+ 40.Kf2 Rf5+  1/2-1/2

[Event "Moscow Open 2012 A"]
[Site "Moscow RUS"]
[Date "2012.02.05"]
[Round "9.60"]
[White "Myshkin,N"]
[Black "Gagarin,V"]
[Result "1/2-1/2"]
[WhiteElo "2268"]
[BlackElo "2417"]

1.d4 d5 2.c4 c6 3.Nc3 Nf6 4.e3 e6 5.Nf3 Nbd7 6.Bd3 dxc4 7.Bxc4 b5 8.Bd3 Bd6
9.Nd2 Bb7 10.Nce4 Be7 11.Nxf6+ Nxf6 12.Nb3 Nd7 13.O-O Qb6 14.e4 e5 15.Be3 exd4
16.Nxd4 Bc5 17.Be2 O-O 18.b4 Bxd4 19.Bxd4 c5 20.bxc5 Nxc5 21.Rc1 Rac8 22.Bg4 Rc7
23.Qc2 Bxe4 24.Bxc5 Bxc2 25.Bxb6 axb6 26.Bf5 Bxf5 27.Rxc7 Be6 28.a3 g6 29.Rb1 Ra8
30.Rxb5 Rxa3 31.h3 h5 32.Rxb6 Ra1+ 33.Kh2 Re1 34.Rcb7 Kg7 35.h4 Re4 36.Rb4 Re2
37.Rb2 Re4 38.R7b4 Re1 39.f3 Kf6 40.Kg3 Ra1 41.Rf4+ Kg7 42.Rd4 Kf6 43.Kf2 Rc1
44.Re2 Ra1 45.Kg3 Rc1 46.Red2 Ra1 47.Kf4 Rh1 48.g3 Ra1 49.Ke3 Ra3+ 50.Kf2 Ra1
51.Kg2 Rc1 52.Rf4+ Kg7 53.g4 hxg4 54.fxg4 g5 55.hxg5 Kg6  1/2-1/2

[Event "Moscow Open A 2012"]
[Site "Moscow RUS"]
[Date "2012.02.05"]
[Round "9"]
[White "Lastin,A"]
[Black "Maletin,P"]
[Result "1/2-1/2"]
[WhiteElo "2538"]
[BlackElo "2575"]

1.Nf3 Nf6 2.c4 e6 3.Nc3 d5 4.d4 c6 5.e3 Nbd7 6.Bd3 dxc4 7.Bxc4 b5 8.Bd3 Bd6
9.O-O O-O 10.Qc2 Bb7 11.a3 a5 12.e4 e5 13.dxe5 Nxe5 14.Nxe5 Bxe5 15.h3 Ba6
16.Rb1 b4 17.Bxa6 bxc3 18.Be2 cxb2 19.Bxb2 Bxb2 20.Rxb2 Qe7 21.Rb3 Qxe4 22.Qxe4 Nxe4
23.Rc1 Rab8 24.Rxb8 Rxb8 25.Rxc6 Rb1+ 26.Kh2 Kf8 27.Ra6 Rb2 28.Bf3 Nd2 29.Bd5 Nf1+
30.Kg1 Rb1 31.Rxa5 Nd2+ 32.Kh2 Nf1+ 33.Kg1 Nd2+ 34.Kh2 Nf1+ 35.Kg1  1/2-1/2

[Event "Schachbundesliga 2011-12"]
[Site "Solingen GER"]
[Date "2012.02.05"]
[Round "9"]
[White "Rustemov,A"]
[Black "Goloshchapov,A"]
[Result "1/2-1/2"]
[WhiteElo "2537"]
[BlackElo "2580"]

1.c4 e6 2.Nc3 d5 3.d4 c6 4.e3 Nf6 5.Nf3 Nbd7 6.Qc2 Bd6 7.b3 O-O 8.Be2 b6
9.O-O Bb7 10.Bb2 Qe7 11.Rad1 Rfd8 12.e4 Nxe4 13.Nxe4 dxe4 14.Qxe4 Nf6 15.Qe3 c5
16.h3 Rac8 17.Rfe1 h6 18.Ne5 cxd4 19.Bxd4 Nd7 20.Nd3 Nc5  1/2-1/2

[Event "11th Aeroflot Open B"]
[Site "Moscow RUS"]
[Date "2012.02.07"]
[Round "1"]
[White "Atalik,E"]
[Black "Ankit,R"]
[Result "0-1"]
[WhiteElo "2481"]
[BlackElo "2349"]

1.d4 d5 2.c4 c6 3.Nc3 Nf6 4.e3 e6 5.Nf3 Nbd7 6.Qc2 Bd6 7.Bd3 O-O 8.O-O dxc4
9.Bxc4 a6 10.Rd1 b5 11.Bf1 Qc7 12.e4 e5 13.g3 c5 14.dxe5 Nxe5 15.Nxe5 Bxe5
16.Bg2 Bb7 17.Ne2 c4 18.Be3 Ng4 19.Bd4 Rad8 20.Qc3 Bxd4 21.Nxd4 Qb6 22.a3 g6
23.h3 Nf6 24.e5 Bxg2 25.Kxg2 Ne4 26.Qe3 Nc5 27.Nf3 Qc6 28.Rac1 Rd5 29.Rxd5 Qxd5
30.Rc2 Re8 31.Re2 Nd3 32.Qd2 Qc6 33.Qc3 f6 34.Re3 Nxe5 35.Kh2 Nxf3+ 36.Rxf3 Kf7
37.Rf4 g5 38.Rf5 Re2 39.h4 gxh4 40.gxh4 Qd6+ 41.Kg2 Qc6+ 42.Kh2 Qd6+ 43.Kg2 Re5
44.Rf4 Qd5+ 45.Kh2 Rf5 46.Rxf5 Qxf5 47.Qd2 Ke6 48.f4 Qd3 49.Qa5 Qd6 50.Kg2 Kf5
51.a4 Qd5+ 52.Kg3 Qd3+ 53.Kf2 Qd4+ 54.Ke1 Qe4+ 55.Kd2 Qxf4+ 56.Kc2 Qe4+ 57.Kc1 Qe3+
58.Kb1 Qd3+ 59.Kc1 Qf1+ 60.Kc2 Qg2+ 61.Kc1 Qh1+ 62.Kc2 Qc6 63.axb5 axb5 64.Qa7 h5
65.Qg7 b4  0-1

[Event "11th Aeroflot Open B"]
[Site "Moscow RUS"]
[Date "2012.02.08"]
[Round "2"]
[White "Ivana Maria,F"]
[Black "Krapivin,A"]
[Result "1-0"]
[WhiteElo "2065"]
[BlackElo "2445"]

1.d4 d5 2.Nf3 c6 3.c4 e6 4.Nc3 Nf6 5.e3 Bd6 6.Bd3 O-O 7.O-O Nbd7 8.e4 dxe4
9.Nxe4 Nxe4 10.Bxe4 Nf6 11.Bc2 b6 12.Bg5 Be7 13.Qd3 g6 14.Ne5 Bb7 15.Rfe1 Nd7
16.Bxe7 Nxe5 17.Rxe5 Qxe7 18.Qg3 Rad8 19.Rd1 Rd7 20.h4 Rfd8 21.Qg4 c5 22.d5 Qf6
23.Rde1 exd5 24.h5 Kg7 25.Qh3 Qf4 26.hxg6 hxg6 27.Bxg6 fxg6 28.Re8 Qf8 29.Rxf8 Kxf8
30.cxd5 Bxd5 31.a3 Kg7 32.f4 Bf7 33.f5 Rd3 34.Qg4 R8d6 35.Re7 Rd1+ 36.Kh2 R1d3
37.Qg5 R3d5 38.f6+ Kg8 39.Re5 Rd1 40.Rf5 R1d5 41.Qh6 Rxf6 42.Rxd5 Bxd5 43.Qg5 Rd6
44.Qe7 Re6 45.Qd8+ Kg7 46.Qxd5 Re7 47.g4 Kf6 48.g5+ Kg7 49.Kg3 Rf7 50.Qe5+ Kg8
51.Kg4 Kh7 52.Qh2+ Kg8 53.Qh6 Rg7 54.Kf4 b5 55.Ke5 a5 56.Kf6 Rf7+ 57.Kxg6  1-0

[Event "11th Aeroflot Open B"]
[Site "Moscow RUS"]
[Date "2012.02.09"]
[Round "3"]
[White "Gavrilov,Al1"]
[Black "Sychev,K"]
[Result "1-0"]
[WhiteElo "2498"]
[BlackElo "2362"]

1.d4 d5 2.c4 c6 3.Nc3 Nf6 4.e3 e6 5.Nf3 Nbd7 6.Qc2 Bd6 7.Bd3 O-O 8.O-O dxc4
9.Bxc4 b5 10.Be2 Bb7 11.Rd1 Qb8 12.e4 e5 13.g3 Re8 14.dxe5 Nxe5 15.Bg5 Neg4
16.a3 a6 17.h3 Bxg3 18.hxg4 Nxg4 19.Rf1 Re6 20.Rad1 Qc7 21.Bd3 Bf4 22.e5 Nxe5
23.Nxe5 Qxe5 24.Bxf4 Qxf4 25.f3 Qg5+ 26.Qg2 Qe3+ 27.Qf2 Qg5+ 28.Qg2 Qe3+
29.Rf2 Rd8 30.Bf5 Red6 31.Rxd6 Rxd6 32.Qg3 Qd4 33.Ne4 Rd8 34.Kg2 g6 35.Rd2 Qb6
36.Rd7 c5 37.Qd6 Qxd6 38.Nxd6 Rxd7 39.Bxd7 Bd5 40.Bc8 b4 41.Bxa6 bxa3 42.bxa3 Kf8
43.a4 Ke7 44.Nc4 Kd8 45.a5 Kc7 46.Ne3 Be6 47.Bd3 Kc6 48.Kg3 h5 49.Kh4 Kb7
50.Kg5 Kc6 51.f4 Kb7 52.Bc4 Bxc4 53.Nxc4 Ka6 54.f5 f6+ 55.Kh4  1-0

[Event "11th Aeroflot Open B"]
[Site "Moscow RUS"]
[Date "2012.02.09"]
[Round "3"]
[White "Romanko,M"]
[Black "Papp,Petra"]
[Result "1/2-1/2"]
[WhiteElo "2389"]
[BlackElo "2269"]

1.d4 d5 2.c4 c6 3.Nc3 Nf6 4.e3 e6 5.Nf3 Nbd7 6.Bd3 dxc4 7.Bxc4 b5 8.Bd3 Bd6
9.Qc2 Bb7 10.a3 O-O 11.O-O a5 12.e4 e5 13.dxe5 Nxe5 14.Nxe5 Bxe5 15.h3 b4
16.axb4 axb4 17.Rxa8 Qxa8 18.Na4 c5 19.Qxc5 Bxe4 20.Bxe4 Qxe4 21.Bd2 b3 22.Re1 Qxa4
23.Qxe5 Re8 24.Qa5 Rxe1+ 25.Bxe1 Qe8 26.Bc3 Qe6 27.Qe5 Qc8 28.Qg5 h6 29.Qg3 Ne8
30.Qe5 Nf6 31.Qg3 Ne8 32.Qe3 Qc6 33.Bb4 Nf6 34.Qc5 Qe4 35.Qf8+ Kh7 36.Bc3 Qb1+
37.Kh2 Qf5 38.f3 Qf4+ 39.Kh1 Qc1+ 40.Kh2 Qf4+ 41.Kg1 Qc1+ 42.Kf2 Qc2+ 43.Kg1 Qc1+
44.Kf2 Qc2+  1/2-1/2

[Event "11th Aeroflot Open B"]
[Site "Moscow RUS"]
[Date "2012.02.09"]
[Round "3"]
[White "Yakimenko,Alex"]
[Black "Blanco,Cr"]
[Result "0-1"]
[WhiteElo "2258"]
[BlackElo "2385"]

1.d4 d5 2.c4 c6 3.Nc3 Nf6 4.Nf3 e6 5.e3 Nbd7 6.Qc2 Bd6 7.a3 a6 8.Bd3 dxc4
9.Bxc4 O-O 10.O-O Qc7 11.b4 e5 12.h3 exd4 13.exd4 Nb6 14.Bb3 Nbd5 15.Bg5 h6
16.Bh4 g5 17.Nxd5 Nxd5 18.Bxd5 cxd5 19.Qxc7 Bxc7 20.Bg3 Bb6 21.Rac1 Bd7 22.Bc7 Ba7
23.Rfe1 Rfe8 24.Rxe8+ Rxe8 25.Be5 Bc6 26.Nd2 Re6 27.Nb3 f6 28.Bg3 Kf7 29.Nc5 Re2
30.a4 Bb6 31.b5 axb5 32.axb5 Bxb5 33.Nxb7 Bd3 34.Nc5 Bc4 35.f3 h5 36.h4 Rd2
37.Bf2 gxh4 38.Rb1 Bc7 39.Be1 Re2 40.Bxh4 Bf4 41.Bf2 h4 42.Rb7+ Kg6 43.Bxh4 Be3+
44.Kh1 Bxd4 45.Nd7 Re7 46.g4 Kf7 47.g5 fxg5 48.Bxg5 Re1+ 49.Kh2 Kg6 50.Bh4 Re8
51.Kg2 Kf5 52.Nb6 Rg8+ 53.Bg3 Be3 54.f4 Ba6 55.Rf7+ Ke6 56.Ra7 Bd3 57.f5+ Kxf5
58.Rf7+ Ke6 59.Nxd5 Be4+ 60.Kh3 Kxf7 61.Nxe3 Bf3 62.Bf4 Ke6 63.Kh2 Kf6 64.Kh3 Ke6
65.Kh2 Kd7 66.Kh3 Kc6 67.Kh4 Kc5 68.Be5 Re8 69.Bf4 Be4 70.Kg5 Rg8+ 71.Kf6 Rg6+
72.Ke5 Bb1 73.Nf1 Rg8 74.Nd2 Re8+ 75.Kf6 Bd3 76.Nf3 Rf8+ 77.Kg5 Kd5 78.Ne5 Be4
79.Nd7 Rf5+ 80.Kg4 Ke6 81.Ne5 Rf8 82.Bg3 Bc2 83.Bf4 Rg8+ 84.Kf3 Kf5 85.Nc4 Be4+
86.Ke3 Bd5 87.Nd6+ Ke6 88.Nb5 Bc4 89.Nd4+ Kd5 90.Nf3 Ra8 91.Ng5 Ra3+ 92.Kf2 Kd4
93.Bg3 Bd5 94.Bf4 Rb3 95.Bc1 Ke5 96.Be3 Rb2+ 97.Kg3 Rg2+ 98.Kh4 Kf5 99.Kh3 Re2
100.Bc1 Rc2 101.Be3 Rc3  0-1

[Event "FSFMB February"]
[Site "Budapest HUN"]
[Date "2012.02.10"]
[Round "7.2"]
[White "Bohus,Adam"]
[Black "Czipp,J"]
[Result "1-0"]
[WhiteElo "1693"]
[BlackElo "1422"]

1.d4 d5 2.Nf3 Nf6 3.c4 e6 4.Nc3 c6 5.e3 Be7 6.Qc2 Nbd7 7.Bd3 dxc4 8.Bxc4 O-O
9.O-O b5 10.Bd3 Qc7 11.Nxb5 Qb6 12.Nc3 Ba6 13.b3 Bxd3 14.Qxd3 Rfd8 15.Qe2 Nd5
16.Nxd5 cxd5 17.Bb2 Nf6 18.Rfc1 Rdc8 19.Ne5 Bd6 20.Rc2 Qb7 21.Rac1 Bxe5 22.dxe5 Nd7
23.Bd4 a5 24.Qd2 Nf8 25.Rxc8 Rxc8 26.Rxc8 Qxc8 27.f4 h5 28.Qxa5 Qc1+ 29.Kf2 Qc2+
30.Kf1 Qd3+ 31.Ke1 Qb1+ 32.Kf2 Qc2+ 33.Kf1 Qd3+ 34.Ke1 Qb1+ 35.Ke2 Qc2+ 36.Qd2 Qg6
37.Kf2 Qf5 38.a4 g5 39.a5 Ng6 40.g3 h4 41.a6 Qh3 42.a7 Qxh2+ 43.Ke1 Qg1+
44.Ke2 Qg2+ 45.Kd3 Qf1+ 46.Kc2 Qa6 47.gxh4 gxh4 48.Qb4 Kg7 49.Qb8 Qe2+ 50.Kc3 Qe1+
51.Kc2 Qe2+ 52.Kb1 Qd1+ 53.Ka2 Qe2+ 54.Ka3 Qa6+ 55.Kb4 Ne7 56.Qd6 Nc6+ 57.Kc5 Qxa7+
58.Kxc6 Qa6+ 59.Kc7 Qa8 60.Qe7 Qh8 61.Qg5+  1-0

[Event "11th Aeroflot Open B"]
[Site "Moscow RUS"]
[Date "2012.02.10"]
[Round "4"]
[White "Reshetnikov,Al"]
[Black "Arslanov,S"]
[Result "1/2-1/2"]
[WhiteElo "2514"]
[BlackElo "2424"]

1.d4 d5 2.c4 e6 3.Nc3 c6 4.e3 Nf6 5.Nf3 Nbd7 6.Qc2 Bd6 7.Bd3 O-O 8.O-O dxc4
9.Bxc4 a6 10.Bd3 c5 11.Ne4 Nxe4 12.Bxe4 f5 13.Bd3 b5 14.dxc5 Nxc5 15.Be2 Bb7
16.Bd2 Be4 17.Qd1 Na4 18.b3 Nb2 19.Qe1 Nd3 20.Qd1 Nb2 21.Qe1 Nd3 22.Qd1 Nb2  1/2-1/2

[Event "11th Aeroflot Open B"]
[Site "Moscow RUS"]
[Date "2012.02.11"]
[Round "5"]
[White "Severina,M"]
[Black "Filipenko,A"]
[Result "0-1"]
[WhiteElo "2185"]
[BlackElo "2351"]

1.d4 Nf6 2.Nf3 d5 3.c4 e6 4.Nc3 c6 5.e3 Nbd7 6.Bd3 dxc4 7.Bxc4 b5 8.Bd3 Bb7
9.e4 b4 10.Na4 c5 11.e5 Nd5 12.Nxc5 Nxc5 13.dxc5 Bxc5 14.Bb5+ Ke7 15.O-O Qb6
16.Bd3 h6 17.Nd2 Qc7 18.Nb3 Bb6 19.Qe1 Rhd8 20.Bd2 Nc3 21.Bxc3 bxc3 22.Be4 cxb2
23.Rb1 Bxe4 24.Qb4+ Ke8 25.Qxe4 Qc3 26.Kh1 Rac8 27.f4 Qc2 28.Qa4+ Kf8 29.Qa3+ Kg8
30.Qxb2 Qe4 31.Rbc1 Rxc1 32.Qxc1 Qe2 33.Qb1 Rc8 34.Re1 Qf2 35.Rf1 Qc2 36.Qa1 Qe4
37.Nd2 Qe2 38.Nf3 Rc2 39.Nh4 Bf2 40.Nf3 Be1  0-1

[Event "TCh-NED Meesterklasse 2011-12"]
[Site "Netherlands NED"]
[Date "2012.02.11"]
[Round "6.7"]
[White "Van der Stricht,G"]
[Black "Swinkels,R"]
[Result "1/2-1/2"]
[WhiteElo "2365"]
[BlackElo "2494"]

1.d4 d5 2.c4 c6 3.Nf3 Nf6 4.Nc3 e6 5.e3 Nbd7 6.Qc2 Bd6 7.Bd3 O-O 8.O-O dxc4
9.Bxc4 a6 10.Rd1 b5 11.Be2 Qc7 12.e4 e5 13.g3 Re8 14.Bg5 exd4 15.Nxd4 h6
16.Nf5 Be5 17.Be3 Nb6 18.Nd6 Bxd6 19.Bxb6 Qxb6 20.Rxd6 Qc5 21.Rd2 Nxe4 22.Nxe4 Qxc2
23.Rxc2 Rxe4 24.Bf3 Re7 25.Bxc6  1/2-1/2

[Event "TCh-FIN SM-Liiga 2011-12"]
[Site "Sastamala FIN"]
[Date "2012.02.11"]
[Round "8.3"]
[White "Tuominen,R"]
[Black "Pohjala,H"]
[Result "0-1"]
[WhiteElo "2283"]
[BlackElo "2263"]

1.d4 d5 2.c4 c6 3.Nc3 Nf6 4.e3 e6 5.Nf3 Nbd7 6.Qc2 a6 7.b3 b6 8.Bd3 Bb7 9.O-O Be7
10.Bb2 dxc4 11.bxc4 c5 12.d5 exd5 13.cxd5 Qc7 14.a4 O-O 15.e4 Rfe8 16.Ne2 Bd6
17.Ng3 c4 18.Bxc4 Bxg3 19.hxg3 Nxe4 20.Qb3 Ndc5 21.Qa3 Rad8 22.Rad1 Qd7 23.Qa1 Qxa4
24.Ba2 f6 25.Rfe1 Qc2 26.d6+ Kh8 27.Nd2 Nxg3 28.Rxe8+ Rxe8 29.fxg3 Re2 30.Qb1 Rxg2+
31.Kf1 Ne4 32.Bd5 Bxd5 33.Kxg2 Nxd2+ 34.Kh3 Be6+  0-1

[Event "Bronshoj Lang Weekend 2012"]
[Site "Copenhagen DEN"]
[Date "2012.02.12"]
[Round "5"]
[White "Nordenbaek,J"]
[Black "Eriksson,C"]
[Result "1-0"]
[WhiteElo "2252"]
[BlackElo "2151"]

1.c4 c6 2.d4 d5 3.Nf3 Nf6 4.Nc3 e6 5.e3 Nbd7 6.Qc2 Bd6 7.b3 O-O 8.Bb2 Qe7
9.O-O-O a6 10.e4 Nxe4 11.Nxe4 dxe4 12.Qxe4 f5 13.Qe3 Nf6 14.Bd3 c5 15.h3 Qc7
16.Kb1 Bd7 17.Ne5 Rae8 18.f4 Bc6 19.dxc5 Be7 20.Rhg1 Be4 21.b4 a5 22.a3 axb4
23.axb4 Rd8 24.g4 Bxd3+ 25.Nxd3 Qc6 26.gxf5  1-0

[Event "TCh-CZE Liga1 Vychod"]
[Site "Czech Rep CZE"]
[Date "2012.02.12"]
[Round "8.2"]
[White "Chytilek,R"]
[Black "Lanc,A"]
[Result "1-0"]
[WhiteElo "2393"]
[BlackElo "2367"]

1.d4 d5 2.c4 c6 3.e3 Nf6 4.Nc3 e6 5.Nf3 Nbd7 6.Qc2 Bd6 7.g4 Nxg4 8.Rg1 f5
9.h3 Ngf6 10.Rxg7 Ne4 11.Bd2 Qf6 12.Rg2 Nf8 13.Nxe4 fxe4 14.Ne5 Nd7 15.Be2 Nxe5
16.dxe5 Bxe5 17.O-O-O Bd7 18.Bh5+ Kd8 19.Bb4 a5 20.Bc5 Kc7 21.Qb3 b5 22.cxb5 cxb5
23.Kb1 Bc6 24.Be2 b4 25.Rc1 Kd7 26.Qc2 Rhc8 27.f4 Bd6 28.Bxd6 Kxd6 29.Qc5+ Kd7
30.Bb5  1-0

[Event "11th Aeroflot Open B"]
[Site "Moscow RUS"]
[Date "2012.02.12"]
[Round "6"]
[White "Bakre,T"]
[Black "Arslanov,S"]
[Result "1/2-1/2"]
[WhiteElo "2509"]
[BlackElo "2424"]

1.d4 d5 2.c4 c6 3.Nf3 Nf6 4.Nc3 e6 5.e3 Nbd7 6.Bd3 dxc4 7.Bxc4 b5 8.Bd3 Bb7
9.O-O a6 10.e4 c5 11.d5 c4 12.Bc2 Qc7 13.Nd4 Nc5 14.Qe2 O-O-O 15.b4 cxb3
16.axb3 exd5 17.exd5 Nxd5 18.Nxd5 Rxd5 19.Be3 Bd6 20.h3 Bh2+ 21.Kh1 Be5 22.Rad1 Rhd8
23.Qg4+ Kb8 24.Nf3 Rxd1 25.Rxd1 Rxd1+ 26.Bxd1 Ne6 27.Qf5 Bf4 28.Qxh7 Bxe3
29.fxe3 Qc3 30.Qg8+ Bc8 31.Ng1 Qd3 32.Bg4 Qxb3 33.Qxf7 Qxe3 34.Qe7 Qc5 35.Qe8 Qf8
36.Qc6 Qc5 37.Qe8 Qf8 38.Qc6 Qc5 39.Qe8  1/2-1/2